{"text_format":"3","workbook":"xlsx","n_sheets":1,"sheets":["Sheet1"],"not_rendered":{"images":18},"read":"whole","date_system":"1900"}

{"sheet":"Sheet1","index":0,"n_rows":205,"n_cols":10,"rows_kept":205,"merged":[[0,0,0,9],[56,0,57,0],[56,1,57,1],[56,9,57,9],[64,0,66,0],[64,1,66,1],[67,0,68,0],[67,1,68,1],[67,9,68,9],[70,9,71,9],[79,0,82,0],[79,1,82,1],[83,0,85,0],[83,1,85,1],[86,9,87,9],[99,1,105,1],[153,0,154,0],[153,1,154,1],[163,9,165,9],[168,0,171,0],[168,1,171,1],[177,0,180,0],[177,1,180,1],[185,0,187,0],[185,1,187,1],[190,0,191,0],[190,1,191,1],[192,0,195,0],[192,1,195,1],[199,0,199,5],[199,7,199,8],[200,0,201,9]]}
["2025年年度维修组水电班五金耗材采购报价表"]
["序号","名称","规格材质","单位","数量","全费用单价限价（元）","全费用单价限价小计（元）","供应商所报单价（元）","合价（元）","备注"]
[1,"PPR热水管","φ20*2.3","m",800,3.5,{"$f":"E3*F3","v":2800},null,null,"新国标、满足压力1.6mpa"]
[2,"PPR热水管","φ25*2.3","m",1200,5,{"$f":"E4*F4","v":6000},null,null,"新国标、满足压力1.6mpa"]
[3,"PPR热水管","φ32*2.9","m",1500,8,12000,null,null,"新国标、满足压力1.6mpa"]
[4,"PPR热水管","φ40*3.7","m",800,10,8000,null,null,"新国标、满足压力1.6mpa"]
[5,"PPR热水管","φ50*4.6","m",500,12,6000,null,null,"新国标、满足压力1.6mpa"]
[6,"PPR热水管","φ63*5.8","m",2000,32,64000,null,null,"新国标、满足压力1.6mpa"]
[7,"φ20PPR直接",null,"个",300,0.6,180,null,null,"新国标"]
[8,"φ25PPR直接",null,"个",500,1,500,null,null,"新国标"]
[9,"φ32PPR直接",null,"个",100,1.2,120,null,null,"新国标"]
[10,"φ40PPR直接",null,"个",50,1.8,90,null,null,"新国标"]
[11,"φ50PPR直接",null,"个",100,2.5,250,null,null,"新国标"]
[12,"φ63PPR直接",null,"个",200,4,800,null,null,"新国标"]
[13,"φ20PPR弯头",null,"个",150,1,150,null,null,"新国标"]
[14,"φ25PPR弯头",null,"个",200,2,400,null,null,"新国标"]
[15,"φ32PPR弯头",null,"个",200,2.5,500,null,null,"新国标"]
[16,"φ40PPR弯头",null,"个",120,3.2,384,null,null,"新国标"]
[17,"φ50PPR弯头",null,"个",100,4,400,null,null,"新国标"]
[18,"φ63PPR弯头",null,"个",450,9,4050,null,null,"新国标"]
[19,"φPPR25变20三通",null,"个",200,1,200,null,null,"新国标"]
[20,"φPPR32变25三通",null,"个",300,2.5,750,null,null,"新国标"]
[21,"φPPR50变40三通",null,"个",80,8,640,null,null,"新国标"]
[22,"φPPR63变50三通",null,"个",70,10,700,null,null,"新国标"]
[23,"φ25PPR管变20直接",null,"个",300,0.6,180,null,null,"新国标"]
[24,"φ32PPR管变25直接",null,"个",200,1.2,240,null,null,"新国标"]
[25,"φ40PPR管变32直接",null,"个",200,1.5,300,null,null,"新国标"]
[26,"φ50PPR管变40直接",null,"个",150,2.5,375,null,null,"新国标"]
[27,"φ63PPR管变50直接",null,"个",150,6,900,null,null,"新国标"]
[28,"φ20PPR堵帽",null,"个",150,1,150,null,null,"新国标"]
[29,"φ25PPR堵帽",null,"个",150,1.2,180,null,null,"新国标"]
[30,"φ32PPR堵帽",null,"个",200,1.6,320,null,null,"新国标"]
[31,"φ40PPR堵帽",null,"个",200,1.8,360,null,null,"新国标"]
[32,"φ50PPR堵帽",null,"个",100,2.8,280,null,null,"新国标"]
[33,"φ63PPR堵帽",null,"个",200,5.2,1040,null,null,"新国标"]
[34,"Φ20PPR活接铜球阀球阀",null,"个",300,15,{"$f":"E36*F36","v":4500},null,null,"新国标"]
[35,"φ25PPR活接铜球阀球阀",null,"个",200,20,4000,null,null,"新国标"]
[36,"φ32PPR活接铜球阀球阀",null,"个",200,30,6000,null,null,"新国标"]
[37,"φ40PPR活接铜球阀球阀",null,"个",150,45,6750,null,null,"新国标"]
[38,"φ50PPR活接铜球阀球阀",null,"个",60,70,4200,null,null,"新国标"]
[39,"φ50PPR上下截止阀球阀",null,"个",40,70,2800,null,null,"新国标"]
[40,"φ63PPR上下截止阀球阀",null,"个",100,90,9000,null,null,"新国标"]
[41,"φ20PPR管（1/2）内丝弯头",null,"个",50,6,300,null,null,"新国标"]
[42,"φ25PPR管(3/4）内丝弯头",null,"个",100,7,700,null,null,"新国标"]
[43,"φ32PPR管（3/4）内丝弯头",null,"个",200,9.2,1840,null,null,"新国标"]
[44,"不锈钢水龙头","304不锈钢20管单冷","个",200,15,3000,null,null,{"$f":"_xlfn.DISPIMG(\"ID_F5FF11AAA9CA445D8614A9BA2C15056B\",1)","v":"=DISPIMG(\"ID_F5FF11AAA9CA445D8614A9BA2C15056B\",1)"}]
[45,"洗手盆水龙头","304不锈钢20管单冷","个",70,45,3150,null,null,{"$f":"_xlfn.DISPIMG(\"ID_EEBA94AC3CD7424AA7CB97D4EF67CEEB\",1)","v":"=DISPIMG(\"ID_EEBA94AC3CD7424AA7CB97D4EF67CEEB\",1)"}]
[46,"水龙头阀芯","20管","个",300,4,1200]
[47,"翻板式面盆下水器","总长度17cm，口径60mm","套",200,10,2000,null,null,{"$f":"_xlfn.DISPIMG(\"ID_D0637C5B2B8841A48520A8DC05B2BA2F\",1)","v":"=DISPIMG(\"ID_D0637C5B2B8841A48520A8DC05B2BA2F\",1)"}]
[48,"洗手盆下水管","80cm","根",500,6,3000]
[49,"水箱","容量7.5L","套",25,50,1250,null,null,"含排水管、角阀，软连接、水箱按钮为圆形"]
[50,"进水阀（水箱）","4分管","个",300,15,4500]
[51,"出水阀（水箱）","4分管","个",300,17,5100]
[52,"水箱连接管","长度80cm","根",200,17,3400,null,null,"不锈钢编织管"]
[53,"水箱连接管","长度60cm","根",200,12,2400,null,null,"不锈钢编织管"]
[54,"洗手台感应器","20水管，电池","个",300,18,5400]
[55,"小便感应器","8cm*5cm","套",150,80,12000,null,null,"适配电磁阀和电池盒等配件"]
[null,null,"13cm*13cm","套",70,130,9100]
[56,"7号电池","碱性电池","对",1000,2,2000]
[57,"角阀20","不锈钢","个",300,10,3000]
[58,"角阀32","不锈钢","个",100,15,1500]
[59,"马桶盖（成人）","长度47cm-53cm","个",45,55,2475]
[60,"马桶盖（儿童）","33cm*26.5cm","个",25,30,750]
[61,"马桶盖按钮","3.7cm","个",50,10,500]
[62,"脚踏阀","立式脚踏阀整体高度为11mm,进水口内径为32mm，内配黄铜阀芯，踏板长度为60mm","套",75,80,6000,null,null,{"$f":"_xlfn.DISPIMG(\"ID_5D7E244C3AF94D4581238FB8A2577C5F\",1)","v":"=DISPIMG(\"ID_5D7E244C3AF94D4581238FB8A2577C5F\",1)"}]
[null,null,"卧式脚踏阀高度11cm，内配黄铜阀芯，踏板长度为60mm","套",50,100,5000,null,null,{"$f":"_xlfn.DISPIMG(\"ID_41F21CD236594A3DB89C3AE2A3493AA1\",1)","v":"=DISPIMG(\"ID_41F21CD236594A3DB89C3AE2A3493AA1\",1)"}]
[null,null,"卧式脚踏阀配件（推杆阀芯）","个",100,15,1500,null,null,{"$f":"_xlfn.DISPIMG(\"ID_68CAFCE9159E40868AB4FE1C7970F709\",1)","v":"=DISPIMG(\"ID_68CAFCE9159E40868AB4FE1C7970F709\",1)"}]
[63,"手压式延时阀（小便槽）","接口为DN25","个",200,35,{"$f":"E68*F68","v":7000}]
[null,null,"接口为DN20","个",200,20,4000]
[64,"厕所灭蚊灯（插电式）","360mm*240mm*130mm","个",70,45,3150]
[65,"换气扇","10寸（壁式）、转速（1200/min）","个",40,60,2400]
[66,"换气扇","12寸（壁式）、转速（1200/min）","个",40,100,4000]
[67,"厕所排气扇","10寸壁式、功率37W，pp耐高温材质","个",50,70,3500]
[68,"哈夫节φ25","长度6cm","个",800,12,9600,null,null,"新国标"]
[69,"哈夫节φ32","长度10cm","个",700,15,10500,null,null,"新国标"]
[70,"哈夫节φ40","长度10cm","个",100,20,2000,null,null,"新国标"]
[71,"哈夫节φ50","长度20cm","个",300,30,9000,null,null,"新国标"]
[72,"哈夫节φ63","长度20cm","个",500,35,17500,null,null,"新国标"]
[73,"哈夫节φ75","长度30cm","个",30,60,1800,null,null,"新国标"]
[74,"哈夫节φ110","长度20cm","个",50,55,2750,null,null,"新国标"]
[null,null,"长度30cm","个",50,70,3500,null,null,"新国标"]
[null,null,"长度40cm","个",50,85,4250,null,null,"新国标"]
[null,null,"长度50cm","个",50,130,6500,null,null,"新国标"]
[75,"哈夫节φ160","长度20cm","个",10,70,700,null,null,"新国标"]
[null,null,"长度30cm","个",10,100,1000,null,null,"新国标"]
[null,null,"长度40cm","个",10,150,1500,null,null,"新国标"]
[76,"LED吸顶灯灯芯（15W）",null,"个",100,10,1000]
[77,"LED吸顶灯灯芯（24W）",null,"个",200,12,2400]
[78,"节能灯暖光灯（9W)",null,"个",300,5,1500]
[79,"节能灯暖光灯(13W)",null,"个",400,9,3600]
[80,"节能灯冷光灯（9W)",null,"个",300,5,1500]
[81,"节能灯冷光灯(13W)",null,"个",500,9,4500]
[82,"节能灯冷光灯(28W)",null,"个",500,12,6000]
[83,"LED10W灯条","长1.2m","根",80,15,1200]
[84,"LED27W灯条","长1.2m","根",70,20,1400]
[85,"LEDT5灯管（18W）","长1.2m","根",50,20,1000]
[86,"路灯时控器","JWK200010HX和SDK-6‌","个",45,50,2250]
[87,"电工绝缘胶带","宽度25mm，长度9米，厚度0.15mm","圈",3000,2,6000]
[88,"生胶带","宽度15mm，长度2米，厚度0.1mm","圈",3500,1.5,5250]
[90,"PE冷水管","φ20*2.0","m",4000,2.2,{"$f":"E100*F100","v":8800},null,null,"新国标、满足压力1.6mpa"]
[91,null,"φ25*2.3","m",3500,3,10500,null,null,"新国标、满足压力1.6mpa"]
[92,null,"φ32*3.0","m",1500,5,7500,null,null,"新国标、满足压力1.6mpa"]
[93,null,"φ40*3.7","m",300,7,2100,null,null,"新国标、满足压力1.6mpa"]
[94,null,"φ50*4.6","m",1200,10,12000,null,null,"新国标、满足压力1.6mpa"]
[95,null,"φ63*5.8","m",2500,15,37500,null,null,"新国标、满足压力1.6mpa"]
[null,null,"φ110*10","m",500,32,16000,null,null,"新国标、满足压力1.6mpa"]
[96,"φ20PE活接铜球阀球阀",null,"个",400,18,7200,null,null,"新国标"]
[97,"φ25PE活接铜球阀球阀",null,"个",600,22,13200,null,null,"新国标"]
[98,"φ32PE活接铜球阀球阀",null,"个",700,30,21000,null,null,"新国标"]
[99,"φ40PE活接铜球阀球阀",null,"个",200,40,8000,null,null,"新国标"]
[100,"φ50PE活接铜球阀球阀",null,"个",200,62,12400,null,null,"新国标"]
[101,"φ63PE活接铜球阀球阀",null,"个",600,80,48000,null,null,"新国标"]
[102,"φ20PE直接",null,"个",500,0.8,400,null,null,"新国标"]
[103,"φ25PE直接",null,"个",500,1.2,600,null,null,"新国标"]
[104,"φ32PE直接",null,"个",500,1.5,750,null,null,"新国标"]
[105,"φ40PE直接",null,"个",300,2,600,null,null,"新国标"]
[106,"φ50PE直接",null,"个",300,2.5,750,null,null,"新国标"]
[107,"φ63PE直接",null,"个",700,4,2800,null,null,"新国标"]
[108,"φ20PE弯头",null,"个",450,0.8,360,null,null,"新国标"]
[109,"φ25PE弯头",null,"个",600,1.2,720,null,null,"新国标"]
[110,"φ32PE弯头",null,"个",600,1.5,900,null,null,"新国标"]
[111,"φ40PE弯头",null,"个",200,2,400,null,null,"新国标"]
[112,"φ50PE弯头",null,"个",200,4,800,null,null,"新国标"]
[113,"φ63PE弯头",null,"个",600,8,4800,null,null,"新国标"]
[114,"φPE25变20三通",null,"个",300,1.5,450,null,null,"新国标"]
[115,"φPE32变25三通",null,"个",300,3,900,null,null,"新国标"]
[116,"φPE50变32三通",null,"个",300,5,1500,null,null,"新国标"]
[117,"φPE63变50三通",null,"个",200,8,1600,null,null,"新国标"]
[118,"φ25PE管变20直接",null,"个",200,1,200,null,null,"新国标"]
[119,"φ32PE管变25直接",null,"个",600,1.2,720,null,null,"新国标"]
[120,"φ40PE管变32直接",null,"个",300,1.8,540,null,null,"新国标"]
[121,"φ50PE管变40直接",null,"个",300,4,{"$f":"E132*F132","v":1200},null,null,"新国标"]
[122,"φ63PE管变32直接",null,"个",700,7,4900,null,null,"新国标"]
[123,"φ63PE管变50直接",null,"个",300,7.5,2250,null,null,"新国标"]
[124,"φ20PE堵帽",null,"个",500,0.5,250,null,null,"新国标"]
[125,"φ25PE堵帽",null,"个",400,0.8,320,null,null,"新国标"]
[126,"φ32PE堵帽",null,"个",700,1.5,1050,null,null,"新国标"]
[127,"φ40PE堵帽",null,"个",150,1.8,270,null,null,"新国标"]
[128,"φ50PE堵帽",null,"个",150,3,450,null,null,"新国标"]
[129,"φ63PE堵帽",null,"个",700,5,3500,null,null,"新国标"]
[130,"φ20PE管（1/2）内丝弯头",null,"个",300,8,2400,null,null,"新国标"]
[131,"φ25PE管（3/4）内丝弯头",null,"个",400,9,3600,null,null,"新国标"]
[132,"φ25PE取水阀","塑料","个",400,10,4000,null,null,"新国标"]
[133,"φ20PE取水阀","塑料","个",1000,12,12000,null,null,"新国标"]
[134,"φ20纯铜取水阀",null,"个",300,50,15000,null,null,"新国标"]
[135,"φ25纯铜取水阀",null,"个",200,80,16000,null,null,"新国标"]
[136,"φ20变25双外丝直接（不锈钢）",null,"个",500,3,1500,null,null,"新国标"]
[137,"φ25变32双外丝直接（不锈钢）",null,"个",500,5,2500,null,null,"新国标"]
[138,"大喷头（地埋旋转式360°）","地埋式旋转升降喷头，地埋旋转式360°，射程8米-15米。喷头工作压力2-4KG。接口为6分（3/4）外螺纹接口","个",300,40,12000,null,null,{"$f":"_xlfn.DISPIMG(\"ID_F96B702B96FF4C05AA5F68C85DDB4543\",1)","v":"=DISPIMG(\"ID_F96B702B96FF4C05AA5F68C85DDB4543\",1)"}]
[139,"地埋式升降散射喷头","角度为25°-360°散射地埋喷头，接口为6分（1/2）外螺纹接口，喷洒半径为4-5米","个",600,20,12000,null,null,{"$f":"_xlfn.DISPIMG(\"ID_CE1CCFA2416E4F0A8F779BDAB76C1D6F\",1)","v":"=DISPIMG(\"ID_CE1CCFA2416E4F0A8F779BDAB76C1D6F\",1)"}]
[140,"合金可调摇臂喷头","喷头主体为铝合金材质，射程直径为8米-12米，接口为4分（3/4）外螺纹接口","个",200,15,3000,null,null,{"$f":"_xlfn.DISPIMG(\"ID_BF4E2CF7ABB74C3EB0B1DABAA44165C3\",1)","v":"=DISPIMG(\"ID_BF4E2CF7ABB74C3EB0B1DABAA44165C3\",1)"}]
[141,"DN50变32分水器",null,"个",80,20,1600,null,null,"新国标"]
[142,"DN110变63分水器",null,"个",50,50,2500,null,null,"新国标"]
[143,"波纹管","DN20","米",2500,1.5,3750,null,null,"白色阻燃塑料电线套管"]
[null,null,"DN300","米",300,20,6000,null,null,"双壁，内劲壁厚2.5mm"]
[144,"单联单控明装开关",null,"个",300,7,2100]
[145,"单联单控暗装开关",null,"个",150,7,1050]
[146,"双联单控暗装开关",null,"个",200,9,1800]
[147,"双联单控明装开关",null,"个",300,9,2700]
[148,"三联单控安装开关",null,"个",100,10,1000]
[149,"明装五孔插座",null,"个",500,8,4000]
[150,"暗装五孔插座",null,"个",100,8,800]
[151,"明装1开五孔插座",null,"个",200,10,2000]
[152,"1.5mm2电线（护导线）","100米/圈","圈",25,240,{"$f":"E164*F164","v":6000},null,null,"国标，铜芯线"]
[153,"2.5mm2电线（护导线）","100米/圈","圈",30,320,9600]
[154,"4mm2电线（护导线）","100米/圈","圈",25,560,14000]
[155,"1.5mm²钢钉线卡","50颗/袋","带",200,4,800]
[156,"2.5mm²钢钉线卡","50颗/袋","带",300,5,1500]
[157,"截止阀","PEφ32","个",500,32,16000,null,null,"新国标"]
[null,null,"PEφ20","个",350,15,5250,null,null,"新国标"]
[null,null,"PEφ25","个",600,21,12600,null,null,"新国标"]
[null,null,"PEφ63","个",350,46,16100,null,null,"新国标"]
[158,"单级空开(1P-16A)",null,"个",100,8,800]
[159,"单级空开(1P-32A)",null,"个",100,10,1000]
[160,"双联空开(双联2P-16A)",null,"个",400,13,5200]
[161,"双联空开(双联2P-32A)",null,"个",450,14,6300]
[162,"双联空开(双联2P-63A)",null,"个",200,15,3000]
[163,"漏电保护器","2P-16A","个",300,20,6000]
[null,null,"2P-32A","个",300,25,7500]
[null,null,"2P-63A","个",300,30,9000]
[null,null,"2P-100A","个",40,50,2000]
[164,"自锁式扎带","（2.5*200mm）","包",200,8,1600,null,null,"100根/包"]
[165,"自锁式扎带","（3.6*370mm）","包",200,10,2000,null,null,"100根/包"]
[166,"蹲便器","长度55cm，宽度42cm，深度15cm-20cm","个",10,200,2000,null,null,"自带存水弯，配水箱和连接管"]
[167,"国标款地上式消火栓","sc100/65-1.6，材质为球墨铸铁，栓头阀杆为铜杆，栓体全烤漆处理，出水口连接处加装铜扣，螺母、压环均为铜制","个",20,850,17000,null,null,"配胶垫、螺栓"]
[168,"圆形LED超薄筒灯","4寸","个",100,8,800]
[null,null,"2.5寸","个",100,6,600]
[null,null,"6寸","个",100,10,1000]
[169,"走线槽板","pvc材质，宽2.4cm*厚1.4cm","米",3000,1.6,4800]
[170,"空开箱","宽30cm*长40cm，深度15cm","个",15,55,825,null,null,"材质为镀锌材质"]
[171,"回路箱","明装底座尺寸175mm*180mm*75mm","个",50,30,1500,null,null,"产品材质为冷轧钢板，开孔距离为137mm"]
[null,null,"明装底座尺寸300mm*180mm*75mm","个",50,40,2000,null,null,"产品材质为冷轧钢板，开孔距离为265mm"]
[172,"PVC管","φ160","米",350,25,8750,null,null,"壁厚4mm"]
[null,null,"φ110","米",500,15,7500,null,null,"壁厚4mm"]
[null,null,"φ40","米",600,8,4800,null,null,"壁厚2mm"]
[null,null,"φ32","米",400,5,{"$f":"E196*F196","v":2000},null,null,"壁厚2mm"]
[173,"透明PVC胶水","500mg/瓶","瓶",60,8,{"$f":"E197*F197","v":480}]
[174,"T5一体化灯管","规格为1200mm*22mm*35mm，灯管为LED双端灯管，两头含插针","只",50,18,{"$f":"E198*F198","v":900},null,null,{"$f":"_xlfn.DISPIMG(\"ID_0628D37CA97E4B05B8926BA8F3EC9BA4\",1)","v":"=DISPIMG(\"ID_0628D37CA97E4B05B8926BA8F3EC9BA4\",1)"}]
[175,"海底线",null,"米",300,8,{"$f":"E199*F199","v":2400},null,null,"新国标、4m㎡铜芯"]
["合计",{"$nulls":5},{"$f":"SUM(G3:G199)","v":898889},null,null,"(开票税率  %）"]
["备注：                                                                                                                                                                                                                                          1、本次报价为含税到场价,需开具相应的增值税专票并备注开票税率（要求开具13% 、3% 或1%的增值税专票）                                                                                                                                                                                                                                                                                                                                                                                                                            2、本次采购材料送货金额达到1000元以上需供应商配送到指定地点（泸州市江阳区、龙马潭区、纳溪区），1000元（包含1000元以内）由甲方自行取货                                                                               3、付款方式：按月按实结算"]
[]
[{"$nulls":7},"  报价单位（公章）："]
[{"$nulls":7},"  法人或委托代理人及电话："]
[{"$nulls":7},"  时间：      年    月    日"]